Normal view
MARC view
Entry Personal Name
001 - CONTROL NUMBER
- control field: 57817
003 - CONTROL NUMBER IDENTIFIER
- control field: dpl
005 - DATE AND TIME OF LATEST TRANSACTION
- control field: 20231013161040.0
008 - FIXED-LENGTH DATA ELEMENTS
- fixed length control field: 231013|| aca||aabn | a|a d
040 ## - CATALOGING SOURCE
- Original cataloging agency: dpl
- Transcribing agency: dpl
100 ## - HEADING--PERSONAL NAME
- Personal name: Air Marshal Anil Chopra, Saptarishi Basu, Ankush Bhandari, Naleen Chandra, S. Mukherjee, Ankit Shah, K. Siddhartha
670 ## - SOURCE DATA FOUND
- Source citation: Work cat.: (dpl)196725: Kapur, Pradeep 57816, Geopolitics Redefined ;Punctured Truths & Glamourised Lies/, 2023
